[Event "ODJM B 2024"]
[Site "Willingen GER"]
[Date "2024.05.25"]
[Round "9"]
[White "Ziem, Ole"]
[Black "Bock, Leonas"]
[Result "1/2-1/2"]
[Termination "normal"]
[Board "20"]
[WhiteElo "1636"]
[BlackElo "1603"]
[WhiteClock "00:59:24"]
[BlackClock "00:08:04"]
[PlyCount "79"]
[WhiteFideId "34624791"]
[BlackFideId "16287118"]
[EventCountry "GER"]
[EventRounds "9"]
[EventType "swiss"]
[EventDate "2024.05.18"]

1. e4 {[%clk 01:30:57]} {[%emt 00:00:03]} c5 {[%clk 01:30:51]} {[%emt
00:00:09]} 2. Nf3 {[%clk 01:30:57]} {[%emt 00:00:30]} Nc6 {[%clk 01:30:59]}
{[%emt 00:00:22]} 3. d4 {[%clk 01:30:45]} {[%emt 00:00:43]} cxd4 {[%clk
01:31:19]} {[%emt 00:00:10]} 4. Nxd4 {[%clk 01:30:43]} {[%emt 00:00:31]} Nf6
{[%clk 01:31:35]} {[%emt 00:00:14]} 5. Nc3 {[%clk 01:30:46]} {[%emt 00:00:28]}
e5 {[%clk 01:31:58]} {[%emt 00:00:06]} 6. Ndb5 {[%clk 01:30:47]} {[%emt
00:00:30]} d6 {[%clk 01:31:52]} {[%emt 00:00:35]} 7. Bg5 {[%clk 01:30:31]}
{[%emt 00:00:46]} a6 {[%clk 01:30:39]} {[%emt 00:01:44]} 8. Na3 {[%clk
01:30:43]} {[%emt 00:00:18]} b5 {[%clk 01:30:30]} {[%emt 00:00:38]} 9. Nd5
{[%clk 01:30:44]} {[%emt 00:00:30]} Be7 {[%clk 01:30:14]} {[%emt 00:00:45]} 10.
Bxf6 {[%clk 01:30:41]} {[%emt 00:00:33]} Bxf6 {[%clk 01:28:11]} {[%emt
00:02:34]} 11. c3 {[%clk 01:30:15]} {[%emt 00:00:55]} Bg5 {[%clk 01:26:26]}
{[%emt 00:02:14]} 12. Be2 {[%clk 01:29:15]} {[%emt 00:01:31]} O-O {[%clk
01:24:51]} {[%emt 00:02:05]} 13. O-O {[%clk 01:27:12]} {[%emt 00:02:33]} f5
{[%clk 01:18:24]} {[%emt 00:06:57]} 14. f3 {[%clk 01:25:05]} {[%emt 00:02:37]}
Be6 {[%clk 01:13:18]} {[%emt 00:05:35]} 15. Nc2 {[%clk 01:24:15]} {[%emt
00:01:21]} Rc8 {[%clk 01:02:44]} {[%emt 00:11:04]} 16. a4 {[%clk 01:22:54]}
{[%emt 00:01:52]} Rb8 {[%clk 00:59:06]} {[%emt 00:04:08]} 17. axb5 {[%clk
01:21:08]} {[%emt 00:02:16]} axb5 {[%clk 00:58:44]} {[%emt 00:00:52]} 18. Nce3
{[%clk 01:11:45]} {[%emt 00:09:52]} Bxe3+ {[%clk 00:56:28]} {[%emt 00:02:46]}
19. Nxe3 {[%clk 01:12:04]} {[%emt 00:00:11]} Qb6 {[%clk 00:50:49]} {[%emt
00:06:08]} 20. Qxd6 {[%clk 01:07:16]} {[%emt 00:05:19]} Rfe8 {[%clk 00:45:50]}
{[%emt 00:05:29]} 21. exf5 {[%clk 01:07:08]} {[%emt 00:00:38]} Rbd8 {[%clk
00:43:19]} {[%emt 00:03:01]} 22. Qa3 {[%clk 01:07:14]} {[%emt 00:00:23]} Qxe3+
{[%clk 00:43:18]} {[%emt 00:00:32]} 23. Rf2 {[%clk 01:07:29]} {[%emt 00:00:13]}
Bxf5 {[%clk 00:42:56]} {[%emt 00:00:53]} 24. Qb3+ {[%clk 01:06:32]} {[%emt
00:01:28]} Be6 {[%clk 00:41:47]} {[%emt 00:01:39]} 25. Qxb5 {[%clk 01:06:41]}
{[%emt 00:00:21]} Na7 {[%clk 00:37:15]} {[%emt 00:05:02]} 26. Qa6 {[%clk
01:04:35]} {[%emt 00:02:32]} Nc8 {[%clk 00:34:31]} {[%emt 00:03:18]} 27. Bb5
{[%clk 00:59:39]} {[%emt 00:05:24]} Rd6 {[%clk 00:30:03]} {[%emt 00:05:00]} 28.
Bxe8 {[%clk 00:56:46]} {[%emt 00:03:23]} Rxa6 {[%clk 00:29:19]} {[%emt
00:01:13]} 29. Rxa6 {[%clk 00:57:12]} {[%emt 00:00:04]} Qe1+ {[%clk 00:26:15]}
{[%emt 00:03:34]} 30. Rf1 {[%clk 00:57:27]} {[%emt 00:00:16]} Qe3+ {[%clk
00:25:08]} {[%emt 00:01:37]} 31. Rf2 {[%clk 00:57:47]} {[%emt 00:00:09]} Qc1+
{[%clk 00:25:27]} {[%emt 00:00:12]} 32. Rf1 {[%clk 00:58:03]} {[%emt 00:00:14]}
Qxf1+ {[%clk 00:25:23]} {[%emt 00:00:34]} 33. Kxf1 {[%clk 00:58:25]} {[%emt
00:00:07]} Bc4+ {[%clk 00:25:50]} {[%emt 00:00:04]} 34. Kf2 {[%clk 00:58:39]}
{[%emt 00:00:16]} Bxa6 {[%clk 00:26:16]} {[%emt 00:00:04]} 35. b4 {[%clk
00:58:54]} {[%emt 00:00:15]} Nd6 {[%clk 00:26:21]} {[%emt 00:00:25]} 36. Bc6
{[%clk 00:59:10]} {[%emt 00:00:11]} Bc4 {[%clk 00:26:25]} {[%emt 00:00:29]} 37.
Ke3 {[%clk 00:59:18]} {[%emt 00:00:21]} Kf7 {[%clk 00:25:59]} {[%emt 00:00:57]}
38. h3 {[%clk 00:59:15]} {[%emt 00:00:32]} Kf6 {[%clk 00:23:09]} {[%emt
00:03:21]} 39. f4 {[%clk 00:59:13]} {[%emt 00:00:32]} exf4+ {[%clk 00:08:04]}
{[%emt 00:15:34]} 40. Kxf4 {[%clk 00:59:24]} {[%emt 00:00:19]} 1/2-1/2

[Event "ODJM B 2024"]
[Site "Willingen GER"]
[Date "2024.05.25"]
[Round "9"]
[White "Studzinski, Bruno"]
[Black "He, Saiqi"]
[Result "1/2-1/2"]
[Termination "normal"]
[Board "21"]
[WhiteElo "1815"]
[BlackElo "1659"]
[WhiteClock "01:15:44"]
[BlackClock "00:59:48"]
[PlyCount "40"]
[WhiteFideId "16296478"]
[BlackFideId "16292723"]
[EventCountry "GER"]
[EventRounds "9"]
[EventType "swiss"]
[EventDate "2024.05.18"]

1. d4 {[%clk 01:30:59]} d5 {[%clk 01:30:54]} {[%emt 00:00:06]} 2. Bf4 {[%clk
01:31:24]} {[%emt 00:00:05]} c5 {[%clk 01:31:18]} {[%emt 00:00:06]} 3. e3
{[%clk 01:31:50]} {[%emt 00:00:04]} Nc6 {[%clk 01:31:43]} {[%emt 00:00:05]} 4.
c3 {[%clk 01:32:12]} {[%emt 00:00:08]} Nf6 {[%clk 01:32:08]} {[%emt 00:00:05]}
5. Nd2 {[%clk 01:32:35]} {[%emt 00:00:07]} Bf5 {[%clk 01:32:27]} {[%emt
00:00:11]} 6. Ngf3 {[%clk 01:31:50]} {[%emt 00:01:15]} e6 {[%clk 01:32:51]}
{[%emt 00:00:05]} 7. Nh4 {[%clk 01:31:39]} {[%emt 00:00:42]} Bg6 {[%clk
01:33:07]} {[%emt 00:00:14]} 8. Nxg6 {[%clk 01:31:51]} {[%emt 00:00:18]} hxg6
{[%clk 01:33:29]} {[%emt 00:00:08]} 9. h3 {[%clk 01:27:09]} {[%emt 00:05:12]}
Qb6 {[%clk 01:33:51]} {[%emt 00:00:08]} 10. Rb1 {[%clk 01:25:51]} {[%emt
00:01:47]} Rc8 {[%clk 01:32:16]} {[%emt 00:02:05]} 11. Nf3 {[%clk 01:26:04]}
{[%emt 00:00:18]} Be7 {[%clk 01:30:18]} {[%emt 00:02:28]} 12. Be2 {[%clk
01:26:18]} {[%emt 00:00:16]} Ne4 {[%clk 01:24:43]} {[%emt 00:06:04]} 13. Ne5
{[%clk 01:20:33]} {[%emt 00:06:15]} Nxe5 {[%clk 01:16:52]} {[%emt 00:08:22]}
14. Bxe5 {[%clk 01:20:34]} {[%emt 00:00:29]} O-O {[%clk 01:17:06]} {[%emt
00:00:16]} 15. O-O {[%clk 01:20:57]} {[%emt 00:00:08]} Bd6 {[%clk 01:02:15]}
{[%emt 00:15:19]} 16. dxc5 {[%clk 01:18:58]} {[%emt 00:02:30]} Nxc5 {[%clk
01:01:11]} {[%emt 00:01:34]} 17. Bxd6 {[%clk 01:18:59]} {[%emt 00:00:29]} Qxd6
{[%clk 01:01:34]} {[%emt 00:00:07]} 18. Bf3 {[%clk 01:18:49]} {[%emt 00:00:40]}
Qc7 {[%clk 01:00:16]} {[%emt 00:01:47]} 19. Qe2 {[%clk 01:16:21]} {[%emt
00:02:59]} Nd7 {[%clk 00:59:42]} {[%emt 00:01:04]} 20. Rfd1 {[%clk 01:15:44]}
{[%emt 00:01:06]} Ne5 {[%clk 00:59:48]} 1/2-1/2

[Event "ODJM B 2024"]
[Site "Willingen GER"]
[Date "2024.05.25"]
[Round "9"]
[White "Wang, Kaiwen"]
[Black "Averkova, Mariia"]
[Result "1-0"]
[Termination "normal"]
[Board "22"]
[WhiteElo "1701"]
[BlackElo "1608"]
[WhiteClock "01:11:10"]
[BlackClock "00:18:05"]
[PlyCount "109"]
[WhiteFideId "16279514"]
[BlackFideId "34651470"]
[EventCountry "GER"]
[EventRounds "9"]
[EventType "swiss"]
[EventDate "2024.05.18"]

1. e4 {[%clk 01:30:57]} {[%emt 00:00:02]} c6 {[%clk 01:30:55]} {[%emt
00:00:06]} 2. d4 {[%clk 01:31:18]} {[%emt 00:00:10]} d5 {[%clk 01:31:21]}
{[%emt 00:00:04]} 3. exd5 {[%clk 01:31:42]} {[%emt 00:00:05]} cxd5 {[%clk
01:31:44]} {[%emt 00:00:07]} 4. c4 {[%clk 01:32:06]} {[%emt 00:00:05]} Nf6
{[%clk 01:30:08]} {[%emt 00:02:07]} 5. Nc3 {[%clk 01:32:13]} {[%emt 00:00:23]}
Nc6 {[%clk 01:29:01]} {[%emt 00:01:37]} 6. Nf3 {[%clk 01:32:30]} {[%emt
00:00:13]} Bg4 {[%clk 01:29:05]} {[%emt 00:00:26]} 7. Be3 {[%clk 01:32:28]}
{[%emt 00:00:31]} e6 {[%clk 01:29:11]} {[%emt 00:00:25]} 8. c5 {[%clk
01:32:46]} {[%emt 00:00:12]} Be7 {[%clk 01:28:42]} {[%emt 00:00:59]} 9. Bb5
{[%clk 01:32:42]} {[%emt 00:00:34]} O-O {[%clk 01:28:15]} {[%emt 00:00:58]} 10.
h3 {[%clk 01:32:46]} {[%emt 00:00:26]} Bxf3 {[%clk 01:24:26]} {[%emt 00:04:19]}
11. Qxf3 {[%clk 01:31:57]} {[%emt 00:01:19]} Rc8 {[%clk 01:21:40]} {[%emt
00:03:15]} 12. O-O {[%clk 01:31:38]} {[%emt 00:00:49]} Qa5 {[%clk 01:17:50]}
{[%emt 00:04:21]} 13. Rfd1 {[%clk 01:25:47]} {[%emt 00:06:20]} b6 {[%clk
01:12:32]} {[%emt 00:05:48]} 14. Bxc6 {[%clk 01:22:42]} {[%emt 00:03:35]} Rxc6
{[%clk 01:12:39]} {[%emt 00:00:24]} 15. Bd2 {[%clk 01:22:34]} {[%emt 00:00:37]}
Qa6 {[%clk 01:09:09]} {[%emt 00:04:00]} 16. b4 {[%clk 01:22:06]} {[%emt
00:00:59]} Qb7 {[%clk 01:03:02]} {[%emt 00:06:36]} 17. b5 {[%clk 01:20:41]}
{[%emt 00:01:56]} Rcc8 {[%clk 01:02:46]} {[%emt 00:00:45]} 18. c6 {[%clk
01:20:50]} {[%emt 00:00:21]} Qc7 {[%clk 01:02:39]} {[%emt 00:00:37]} 19. Bf4
{[%clk 01:18:41]} {[%emt 00:02:39]} Bd6 {[%clk 01:00:33]} {[%emt 00:02:36]} 20.
Bg5 {[%clk 01:18:24]} {[%emt 00:00:47]} Be7 {[%clk 00:53:57]} {[%emt 00:07:06]}
21. Bf4 {[%clk 01:14:32]} {[%emt 00:04:23]} Bd6 {[%clk 00:53:03]} {[%emt
00:01:23]} 22. Bxd6 {[%clk 01:14:39]} {[%emt 00:00:23]} Qxd6 {[%clk 00:53:25]}
{[%emt 00:00:08]} 23. Qg3 {[%clk 01:14:38]} {[%emt 00:00:31]} Qxg3 {[%clk
00:50:40]} {[%emt 00:03:15]} 24. fxg3 {[%clk 01:15:03]} {[%emt 00:00:06]} Ne8
{[%clk 00:49:18]} {[%emt 00:01:51]} 25. a4 {[%clk 01:12:52]} {[%emt 00:02:41]}
a5 {[%clk 00:47:32]} {[%emt 00:02:17]} 26. Nb1 {[%clk 01:11:44]} {[%emt
00:01:37]} Nd6 {[%clk 00:47:02]} {[%emt 00:01:00]} 27. Nd2 {[%clk 01:11:16]}
{[%emt 00:00:57]} Rfe8 {[%clk 00:42:41]} {[%emt 00:04:52]} 28. g4 {[%clk
01:09:40]} {[%emt 00:02:06]} f5 {[%clk 00:39:33]} {[%emt 00:03:39]} 29. gxf5
{[%clk 01:07:28]} {[%emt 00:02:42]} exf5 {[%clk 00:36:48]} {[%emt 00:03:14]}
30. Re1 {[%clk 01:06:42]} {[%emt 00:01:15]} Ne4 {[%clk 00:36:34]} {[%emt
00:00:44]} 31. Nxe4 {[%clk 01:06:19]} {[%emt 00:00:53]} dxe4 {[%clk 00:34:16]}
{[%emt 00:02:48]} 32. d5 {[%clk 01:06:00]} {[%emt 00:00:50]} Red8 {[%clk
00:32:55]} {[%emt 00:01:51]} 33. Rad1 {[%clk 01:05:57]} {[%emt 00:00:32]} Rd6
{[%clk 00:32:33]} {[%emt 00:00:53]} 34. g4 {[%clk 01:04:15]} {[%emt 00:02:12]}
fxg4 {[%clk 00:23:08]} {[%emt 00:09:55]} 35. hxg4 {[%clk 01:03:40]} {[%emt
00:01:05]} Rcd8 {[%clk 00:19:06]} {[%emt 00:04:33]} 36. Rxe4 {[%clk 01:03:17]}
{[%emt 00:00:52]} Kf7 {[%clk 00:18:36]} {[%emt 00:01:00]} 37. Red4 {[%clk
01:00:07]} {[%emt 00:03:40]} Rc8 {[%clk 00:15:45]} {[%emt 00:03:20]} 38. Kg2
{[%clk 00:58:57]} {[%emt 00:01:41]} Kf6 {[%clk 00:13:18]} {[%emt 00:02:57]} 39.
Rf4+ {[%clk 00:57:48]} {[%emt 00:01:39]} Kg6 {[%clk 00:11:15]} {[%emt
00:02:33]} 40. Kf3 {[%clk 00:55:48]} {[%emt 00:02:29]} Rcd8 {[%clk 00:08:28]}
{[%emt 00:03:18]} 41. Rf5 {[%clk 00:52:58]} {[%emt 00:03:20]} h6 {[%clk
00:04:08]} {[%emt 00:04:49]} 42. Ke4 {[%clk 00:49:35]} {[%emt 00:03:53]} Re8+
{[%clk 00:03:14]} {[%emt 00:01:24]} 43. Re5 {[%clk 00:49:18]} {[%emt 00:00:47]}
Rc8 {[%clk 00:00:36]} {[%emt 00:03:08]} 44. Kd4 {[%clk 00:45:00]} {[%emt
00:04:49]} Rcd8 {[%clk 00:27:16]} {[%emt 00:03:50]} 45. Kc4 {[%clk 01:14:20]}
{[%emt 00:01:09]} Kf7 {[%clk 00:24:06]} {[%emt 00:03:41]} 46. Rd4 {[%clk
01:13:26]} {[%emt 00:01:24]} Kf8 {[%clk 00:22:53]} {[%emt 00:01:43]} 47. Rde4
{[%clk 01:12:08]} {[%emt 00:01:47]} Kg8 {[%clk 00:20:16]} {[%emt 00:03:07]} 48.
Re8+ {[%clk 01:11:20]} {[%emt 00:01:19]} Kf7 {[%clk 00:19:13]} {[%emt
00:01:32]} 49. Rxd8 {[%clk 01:09:43]} {[%emt 00:02:08]} Rxd8 {[%clk 00:19:33]}
{[%emt 00:00:10]} 50. c7 {[%clk 01:09:56]} {[%emt 00:00:18]} Rc8 {[%clk
00:18:49]} {[%emt 00:01:13]} 51. d6 {[%clk 01:10:15]} {[%emt 00:00:11]} Kf8
{[%clk 00:18:54]} {[%emt 00:00:24]} 52. Kd5 {[%clk 01:10:29]} {[%emt 00:00:17]}
Kf7 {[%clk 00:18:31]} {[%emt 00:00:53]} 53. Kc6 {[%clk 01:10:45]} {[%emt
00:00:14]} Kf8 {[%clk 00:18:22]} {[%emt 00:00:39]} 54. d7 {[%clk 01:11:09]}
{[%emt 00:00:06]} Ra8 {[%clk 00:18:05]} {[%emt 00:00:47]} 55. c8=Q+ {[%clk
01:11:10]} {[%emt 00:00:28]} 1-0

[Event "ODJM B 2024"]
[Site "Willingen GER"]
[Date "2024.05.25"]
[Round "9"]
[White "Mahr, Thorben"]
[Black "Reger, Christoph"]
[Result "0-1"]
[Termination "normal"]
[Board "23"]
[WhiteElo "1496"]
[BlackElo "1623"]
[WhiteClock "01:22:36"]
[BlackClock "00:15:48"]
[PlyCount "132"]
[WhiteFideId "34699589"]
[BlackFideId "16287606"]
[EventCountry "GER"]
[EventRounds "9"]
[EventType "swiss"]
[EventDate "2024.05.18"]

1. e4 {[%clk 01:30:56]} {[%emt 00:00:02]} c5 {[%clk 01:30:57]} {[%emt
00:00:04]} 2. Nf3 {[%clk 01:31:23]} {[%emt 00:00:04]} e6 {[%clk 01:31:24]}
{[%emt 00:00:02]} 3. d4 {[%clk 01:31:47]} {[%emt 00:00:06]} cxd4 {[%clk
01:31:51]} {[%emt 00:00:03]} 4. Nxd4 {[%clk 01:32:08]} {[%emt 00:00:09]} a6
{[%clk 01:32:20]} {[%emt 00:00:02]} 5. c4 {[%clk 01:32:31]} {[%emt 00:00:07]}
Nf6 {[%clk 01:32:41]} {[%emt 00:00:08]} 6. Nc3 {[%clk 01:32:47]} {[%emt
00:00:14]} Qc7 {[%clk 01:33:06]} {[%emt 00:00:05]} 7. a3 {[%clk 01:33:09]}
{[%emt 00:00:09]} b6 {[%clk 01:33:31]} {[%emt 00:00:05]} 8. Be3 {[%clk
01:33:31]} {[%emt 00:00:07]} Bb7 {[%clk 01:33:50]} {[%emt 00:00:11]} 9. f3
{[%clk 01:33:55]} {[%emt 00:00:07]} d6 {[%clk 01:34:10]} {[%emt 00:00:09]} 10.
g4 {[%clk 01:32:36]} {[%emt 00:01:50]} h6 {[%clk 01:33:34]} {[%emt 00:01:05]}
11. h4 {[%clk 01:32:53]} {[%emt 00:00:14]} Be7 {[%clk 01:32:15]} {[%emt
00:01:48]} 12. Qd2 {[%clk 01:31:01]} {[%emt 00:02:22]} Nc6 {[%clk 01:22:42]}
{[%emt 00:10:02]} 13. Rc1 {[%clk 01:28:37]} {[%emt 00:02:54]} Rc8 {[%clk
01:18:56]} {[%emt 00:04:16]} 14. Qf2 {[%clk 01:27:49]} {[%emt 00:01:19]} Ne5
{[%clk 01:15:31]} {[%emt 00:03:55]} 15. Be2 {[%clk 01:25:02]} {[%emt 00:03:16]}
Ned7 {[%clk 01:07:01]} {[%emt 00:09:01]} 16. Qg1 {[%clk 01:22:51]} {[%emt
00:02:40]} d5 {[%clk 00:55:51]} {[%emt 00:11:41]} 17. cxd5 {[%clk 01:22:39]}
{[%emt 00:00:42]} exd5 {[%clk 00:55:44]} {[%emt 00:00:37]} 18. Nxd5 {[%clk
01:22:44]} {[%emt 00:00:25]} Qxc1+ {[%clk 00:55:57]} {[%emt 00:00:17]} 19. Bxc1
{[%clk 01:23:03]} {[%emt 00:00:11]} Rxc1+ {[%clk 00:56:23]} {[%emt 00:00:04]}
20. Bd1 {[%clk 01:23:26]} {[%emt 00:00:07]} Nxd5 {[%clk 00:56:34]} {[%emt
00:00:18]} 21. exd5 {[%clk 01:23:41]} {[%emt 00:00:15]} O-O {[%emt 00:01:20]}
22. Qe3 {[%emt 00:00:17]} Re8 {[%clk 00:53:51]} {[%emt 00:01:37]} 23. Kd2
{[%clk 01:23:13]} {[%emt 00:00:57]} Bb4+ {[%clk 00:49:29]} {[%emt 00:04:53]}
24. axb4 {[%clk 01:23:35]} {[%emt 00:00:08]} Rxe3 {[%clk 00:49:53]} {[%emt
00:00:06]} 25. Kxe3 {[%clk 01:24:02]} {[%emt 00:00:03]} Bxd5 {[%clk 00:48:30]}
{[%emt 00:01:53]} 26. Kd2 {[%clk 01:22:26]} {[%emt 00:02:06]} Rc4 {[%clk
00:35:14]} {[%emt 00:13:45]} 27. Nc2 {[%clk 01:22:20]} {[%emt 00:00:35]} Ne5
{[%clk 00:24:26]} {[%emt 00:11:19]} 28. Rf1 {[%clk 01:21:14]} {[%emt 00:01:34]}
Rc7 {[%clk 00:20:42]} {[%emt 00:04:17]} 29. Be2 {[%clk 01:19:26]} {[%emt
00:02:18]} Rd7 {[%clk 00:16:02]} {[%emt 00:05:10]} 30. Kc1 {[%clk 01:16:01]}
{[%emt 00:03:54]} Rc7 {[%clk 00:11:55]} {[%emt 00:04:37]} 31. Kb1 {[%clk
01:14:50]} {[%emt 00:01:42]} Bc4 {[%clk 00:08:13]} {[%emt 00:04:11]} 32. Nd4
{[%clk 01:11:58]} {[%emt 00:03:22]} Bxe2 {[%clk 00:07:23]} {[%emt 00:01:21]}
33. Nxe2 {[%clk 01:12:21]} {[%emt 00:00:07]} Rc4 {[%clk 00:07:41]} {[%emt
00:00:12]} 34. b5 {[%clk 01:12:37]} {[%emt 00:00:13]} axb5 {[%clk 00:08:02]}
{[%emt 00:00:10]} 35. b3 {[%clk 01:12:08]} {[%emt 00:00:59]} Rc7 {[%clk
00:07:48]} {[%emt 00:00:43]} 36. g5 {[%clk 01:10:22]} {[%emt 00:02:17]} Rd7
{[%clk 00:04:18]} {[%emt 00:04:00]} 37. f4 {[%clk 01:06:32]} {[%emt 00:04:20]}
Nc6 {[%clk 00:03:39]} {[%emt 00:01:08]} 38. Kc2 {[%clk 01:05:34]} {[%emt
00:01:29]} b4 {[%clk 00:03:34]} {[%emt 00:00:35]} 39. Rd1 {[%clk 01:05:31]}
{[%emt 00:00:31]} Re7 {[%clk 00:02:39]} {[%emt 00:01:26]} 40. Kd2 {[%clk
01:05:12]} {[%emt 00:00:48]} Na5 {[%clk 00:02:22]} {[%emt 00:00:49]} 41. Rb1
{[%clk 01:04:57]} {[%emt 00:00:44]} Kh7 {[%clk 00:01:35]} {[%emt 00:01:17]} 42.
Ng3 {[%clk 01:04:34]} {[%emt 00:00:47]} Rd7+ {[%clk 00:00:58]} {[%emt
00:01:14]} 43. Ke3 {[%clk 01:04:38]} {[%emt 00:00:25]} Rc7 {[%clk 00:01:10]}
{[%emt 00:00:19]} 44. Ne2 {[%clk 01:04:06]} {[%emt 00:01:01]} Kg6 {[%clk
00:27:26]} {[%emt 00:04:14]} 45. Kf3 {[%clk 01:32:23]} {[%emt 00:02:10]} Nc6
{[%clk 00:21:27]} {[%emt 00:06:32]} 46. Rc1 {[%clk 01:30:52]} {[%emt 00:02:01]}
Nd4+ {[%clk 00:21:40]} {[%emt 00:00:17]} 47. Kg4 {[%clk 01:30:00]} {[%emt
00:01:21]} h5+ {[%clk 00:20:27]} {[%emt 00:01:44]} 48. Kh3 {[%clk 01:29:50]}
{[%emt 00:00:38]} Rc5 {[%clk 00:13:59]} {[%emt 00:07:00]} 49. Rxc5 {[%clk
01:28:44]} {[%emt 00:01:37]} bxc5 {[%clk 00:14:21]} {[%emt 00:00:07]} 50. Nc1
{[%clk 01:26:36]} {[%emt 00:02:38]} Kf5 {[%clk 00:14:18]} {[%emt 00:00:33]} 51.
Kg3 {[%clk 01:24:57]} {[%emt 00:02:09]} Ke4 {[%clk 00:14:25]} {[%emt 00:00:23]}
52. Kf2 {[%clk 01:24:10]} {[%emt 00:01:16]} Nf5 {[%clk 00:14:23]} {[%emt
00:00:33]} 53. Ne2 {[%clk 01:23:29]} {[%emt 00:01:12]} g6 {[%clk 00:13:24]}
{[%emt 00:01:29]} 54. Ng3+ {[%clk 01:21:00]} {[%emt 00:02:58]} Nxg3 {[%clk
00:13:47]} {[%emt 00:00:07]} 55. Kxg3 {[%clk 01:21:25]} {[%emt 00:00:05]} Ke3
{[%clk 00:14:07]} {[%emt 00:00:10]} 56. f5 {[%clk 01:20:33]} {[%emt 00:01:22]}
gxf5 {[%clk 00:14:25]} {[%emt 00:00:12]} 57. Kh3 {[%clk 01:20:42]} {[%emt
00:00:21]} f4 {[%clk 00:14:06]} {[%emt 00:00:50]} 58. Kg2 {[%clk 01:20:56]}
{[%emt 00:00:13]} Ke2 {[%clk 00:14:24]} {[%emt 00:00:15]} 59. Kh3 {[%clk
01:20:33]} {[%emt 00:00:52]} f3 {[%clk 00:14:35]} {[%emt 00:00:19]} 60. Kh2
{[%clk 01:20:51]} {[%emt 00:00:11]} f2 {[%clk 00:15:00]} {[%emt 00:00:06]} 61.
Kg3 {[%clk 01:21:06]} {[%emt 00:00:13]} f1=Q {[%clk 00:15:13]} {[%emt
00:00:20]} 62. g6 {[%clk 01:21:22]} {[%emt 00:00:14]} fxg6 {[%clk 00:14:57]}
{[%emt 00:00:46]} 63. Kh2 {[%clk 01:21:42]} {[%emt 00:00:08]} Qf4 {[%clk
00:15:13]} {[%emt 00:00:14]} 64. Kh3 {[%clk 01:22:01]} {[%emt 00:00:12]} Qg4+
{[%clk 00:15:33]} {[%emt 00:00:10]} 65. Kh2 {[%clk 01:22:17]} {[%emt 00:00:13]}
Kf3 {[%clk 00:15:51]} {[%emt 00:00:12]} 66. Kh1 {[%clk 01:22:36]} {[%emt
00:00:12]} Qg2# {[%clk 00:15:48]} {[%emt 00:00:03]} 0-1

[Event "ODJM B 2024"]
[Site "Willingen GER"]
[Date "2024.05.25"]
[Round "9"]
[White "Foos, Vanessa"]
[Black "Schönherr, Stijn"]
[Result "1-0"]
[Termination "normal"]
[Board "24"]
[WhiteElo "1588"]
[BlackElo "1601"]
[WhiteClock "00:13:45"]
[BlackClock "00:41:41"]
[PlyCount "49"]
[WhiteFideId "16245270"]
[BlackFideId "34611622"]
[EventCountry "GER"]
[EventRounds "9"]
[EventType "swiss"]
[EventDate "2024.05.18"]

1. d4 {[%clk 01:30:58]} {[%emt 00:00:01]} d5 {[%clk 01:30:55]} {[%emt
00:00:05]} 2. c4 {[%clk 01:31:24]} {[%emt 00:00:05]} dxc4 {[%clk 01:31:20]}
{[%emt 00:00:05]} 3. e4 {[%clk 01:31:48]} {[%emt 00:00:03]} e5 {[%clk
01:31:39]} {[%emt 00:00:13]} 4. d5 {[%clk 01:32:14]} {[%emt 00:00:05]} Nf6
{[%clk 01:25:52]} {[%emt 00:06:17]} 5. Nc3 {[%clk 01:32:24]} {[%emt 00:00:20]}
Bb4 {[%clk 01:26:15]} {[%emt 00:00:07]} 6. Qa4+ {[%clk 01:32:01]} {[%emt
00:00:53]} c6 {[%clk 01:25:43]} {[%emt 00:01:02]} 7. Qxb4 {[%clk 01:31:57]}
{[%emt 00:00:35]} cxd5 {[%clk 01:25:11]} {[%emt 00:01:02]} 8. exd5 {[%clk
01:30:49]} {[%emt 00:01:37]} Na6 {[%clk 01:23:54]} {[%emt 00:01:48]} 9. Qxc4
{[%clk 01:29:14]} {[%emt 00:02:05]} O-O {[%clk 01:23:55]} {[%emt 00:00:28]} 10.
Nge2 {[%clk 01:13:51]} {[%emt 00:15:54]} h6 {[%clk 01:19:12]} {[%emt 00:05:12]}
11. Ng3 {[%clk 01:13:24]} {[%emt 00:00:57]} Nc7 {[%clk 01:19:02]} {[%emt
00:00:40]} 12. Be2 {[%clk 01:04:59]} {[%emt 00:08:55]} Ncxd5 {[%clk 01:16:18]}
{[%emt 00:03:14]} 13. Nxd5 {[%clk 01:05:06]} {[%emt 00:00:23]} Nxd5 {[%clk
01:16:44]} {[%emt 00:00:05]} 14. O-O {[%clk 01:04:32]} {[%emt 00:01:03]} Be6
{[%clk 01:16:50]} {[%emt 00:00:23]} 15. Qe4 {[%clk 00:53:03]} {[%emt 00:12:00]}
Qc7 {[%clk 01:04:51]} {[%emt 00:12:29]} 16. Bd2 {[%clk 00:40:16]} {[%emt
00:13:17]} Nf6 {[%clk 00:58:11]} {[%emt 00:07:11]} 17. Qh4 {[%clk 00:32:54]}
{[%emt 00:07:51]} Rad8 {[%clk 00:56:38]} {[%emt 00:02:01]} 18. Rac1 {[%clk
00:26:01]} {[%emt 00:07:25]} Qb6 {[%clk 00:51:54]} {[%emt 00:05:11]} 19. Bxh6
{[%clk 00:26:11]} {[%emt 00:00:23]} Nh7 {[%clk 00:47:24]} {[%emt 00:05:01]} 20.
Nh5 {[%clk 00:12:35]} {[%emt 00:14:05]} gxh6 {[%clk 00:41:13]} {[%emt
00:06:40]} 21. Qg3+ {[%clk 00:13:00]} {[%emt 00:00:06]} Ng5 {[%clk 00:41:36]}
{[%emt 00:00:07]} 22. h4 {[%clk 00:13:03]} {[%emt 00:00:27]} Kh8 {[%clk
00:41:58]} {[%emt 00:00:08]} 23. hxg5 {[%clk 00:13:16]} {[%emt 00:00:16]} Rg8
{[%clk 00:42:21]} {[%emt 00:00:08]} 24. Qxe5+ {[%clk 00:13:25]} {[%emt
00:00:21]} f6 {[%clk 00:41:41]} {[%emt 00:01:10]} 25. Qxf6+ {[%clk 00:13:45]}
{[%emt 00:00:10]} 1-0